Management information systems for the information age / (Record no. 2618)

MARC details
000 -LEADER
fixed length control field 01446cam a22001934a 4500
020 ## - INTERNATIONAL STANDARD BOOK NUMBER
ISBN 0072458720
050 00 - CALL NUMBER
Classification number T58.6
Item number .H18 2002
100 1# - AUTHOR
Personal name Haag, Stephen.
245 10 - TITLE
Title Management information systems for the information age /
Statement of responsibility, etc Stephen Haag, Maeve Cummings, Donald J. McCubbrey.
250 ## - EDITION
Edition statement 3rd ed.
260 ## - PUBLICATION INFORMATION
Place of publication Boston :
Name of publisher McGraw-Hill Irwin,
Year of publication c2002.
300 ## - DESCRIPTION
Number of Pages xxiii, 440 p. :
Other physical details col. ill. ;
Dimensions 29 cm.
505 ## - FORMATTED CONTENTS NOTE
Table of Content CHAPTER 1.The information age in which you live: changing the face of business .<br/>Extended learning: Module A <br/>CHAPTER 2.Strategic and competitive opportunities: using IT for competitive advantage <br/>CHAPTER 3.Databases and data wareshouses: a gold mine of information <br/>Extended learning: Module B <br/>CHAPTER 4.Decision support and artificial intelligence: brainpower for your business <br/>Extended learning: Module C <br/>CHAPTER 5.Electronic commerce: the end of the beginning <br/>CHAPTER 6.Emerging technologies: innovations for tomorrow <br/>CHAPTER 7.Developing IT systems: bringing IT systems to life <br/>CHAPTER 8.Protecting information and people: threats and safeguards <br/>CHAPTER 9.Preparing for the future: it's your world <br/>REAL HOT GROUP PROJECTS: Extended learning: Module D --<br/>Extended learning: Module E --<br/>Extended learning: Module F --<br/>Glossary.
650 #0 - SUBJECTS
Topical Term Management information systems.
650 #0 - SUBJECTS
Topical Term Information technology.
700 1# - OTHER AUTHORS
Personal name Cummings, Maeve.
700 1# - OTHER AUTHORS
Personal name McCubbrey, Donald J.
942 ## - ADDED ENTRY ELEMENTS (KOHA)
Koha item type Books
Holdings
Withdrawn status Lost status Home library Current library Shelving location Date acquired Full call number Accession Number Koha item type
    Methodist University Library Tema Methodist University Library Tema General Stacks 19/02/2018 T58.6 .H18 2002 19395 Books
    Methodist University Library Tema Methodist University Library Tema General Stacks 19/02/2018 T58.6 .H18 2002 19396 Books
    Methodist University Library Tema Methodist University Library Tema General Stacks 19/02/2018 T58.6 .H18 2002 19397 Books
    Methodist University Library Tema Methodist University Library Tema General Stacks 19/02/2018 T58.6 .H18 2002 19398 Books
    Methodist University Library Tema Methodist University Library Tema General Stacks 19/02/2018 T58.6 .H18 2002 19399 Books
    Methodist University Library Tema Methodist University Library Tema General Stacks 19/02/2018 T58.6 .H18 2002 19400 Books
Copyright © 2026  MUG Library